000 00895nam a22002657a 4500
003 CHAP
005 20220329140514.0
008 971013s1976 r 00010 d
010 _a52997
011 _a53969
035 _a58119
040 _cCHAP
082 _a333
_bW3
110 _aWashington State University. Pullman. College of Agriculture
_9121132
245 _aLand use
_b: issues and research needs for planning: policy and allocation
260 _aPullman, Wa. :
_bWashington State University,
_c1976
300 _a78 p.
_b: ilus.
590 _aBATCH-UPD
_b10
_c20130110
_lUCH01
_h1431
590 _aCONVERSION
_b10
_c20130109
_lUCH01
_h1329
650 1 4 _aTierras
_xAprovechamiento.
_9113069
901 _aBK
942 _cLIBRO
949 _a333 W3
_bBC
_cLIBRO
_d33724000315727
_eLIBRO
_h43266
_i58119
_mD
_si
949 _a333 W3
_bBC
_cLIBRO
_d33724000315792
_eLIBRO
_fc.2
_h43267
_i58119
_mD
_si
999 _c52997
_d52997